Estadísticas para Países que son la Fuente de Refugiados

Haz click aquí para intentar la prueba.

Estadísticas generales

  • Esta prueba ha sido intentada 759 veces
  • La puntuación promedio es 12 de 20

Estadísticas de respuestas

# de refugiadosPaís% Correcto
3,900,000Siria
95%
370,000Irak
88%
2,600,000Afganistán
83%
82,000Irán
82%
320,000Pakistán
79%
660,000Sudán
74%
520,000R.D. Congo
72%
1,100,000Somalia
72%
210,000China
67%
86,000Etiopía
64%
620,000Sudán del Sur
64%
140,000Malí
55%
330,000Eritrea
53%
220,000Myanmar
51%
240,000Ucrania
50%
310,000Vietnam
48%
410,000República
Centroafricana
42%
79,000Ruanda
40%
100,000Colombia
35%
120,000Sri Lanka
19%

Distribución de puntuación

Porcentaje por número respondido

Porcentaje de gente con cada puntuación

Historial de tus puntuaciones

No has intentado esta prueba.